The River Between/ (Record no. 29956)

000 -LEADER
fixed length control field 00492nam a22001457a 4500
008 - FIXED-LENGTH DATA ELEMENTS--GENERAL INFORMATION
fixed length control field 181128b xxu||||| |||| 00| 0 eng d
020 ## - INTERNATIONAL STANDARD BOOK NUMBER
International Standard Book Number 0435905481
050 ## - LIBRARY OF CONGRESS CALL NUMBER
Classification number AFR PR 9381.9 .N45R5 2017
100 ## - MAIN ENTRY--PERSONAL NAME
Personal name Ngugi wa Thiong'o
245 ## - TITLE STATEMENT
Title The River Between/
Statement of responsibility, etc. Ngugi wa Thiong'o
260 ## - PUBLICATION, DISTRIBUTION, ETC. (IMPRINT)
Place of publication, distribution, etc. Kenya:
Name of publisher, distributor, etc. East African Educational Publishers LTD,
Date of publication, distribution, etc. 2017.
300 ## - PHYSICAL DESCRIPTION
Extent 148p.
Dimensions 17 cm
650 ## - SUBJECT ADDED ENTRY--TOPICAL TERM
Topical term or geographic name as entry element Fiction
942 ## - ADDED ENTRY ELEMENTS (KOHA)
Source of classification or shelving scheme
Koha item type Africana (Books)
Classification part AFR PR 9381.9 .N45R5 2017
Koha issues (borrowed), all copies 1
Holdings
Withdrawn status Lost status Source of classification or shelving scheme Damaged status Not for loan Home library Current library Shelving location Date acquired Source of acquisition Cost, normal purchase price Total Checkouts Full call number Barcode Date last seen Date last checked out Price effective from Koha item type
          MACHAKOS UNIVERSITY LIBRARY MACHAKOS UNIVERSITY LIBRARY Africana 28/11/2018 Donation (Rattansi Educational Trust) 485.34 42 AFR PR 9381.9 .N45R5 2017 38539 06/03/2026 06/03/2026 28/11/2018 Africana (Books)
© Machakos University Library, Along The Highway, Machakos Wote Rd, Machakos, Kenya P.O. Box 136 - 90100 Machakos - Kenya

Tel: ( +254 ) 723 805829 OR Fax : 044-20353 OR Email: library@mksu.ac.ke